00722 2200253 4500001002100000005001500021035002000036007000300056008004100059020002100100082001000121084001600131100002600147245012200173250001100295260004300306300003200349650002200381990001300403990001300416990001300429990001300442990001300455INLIS00000000000050320221214103419 a0010-1222000234ta221214 g 0 ind  a978-602-897403-5 a530.1 a530.1 YOH e0 aYohanes Surya, Ph. D.1 aElektromagnetik 1 :bBahan ajar persiapan menuju Olimpiade Sains Nasional/ Internasional SMA /cYohanes Surya, Ph. D. acet. 1 aJakarta :bPT. Trisula Adisakti,c2010 a160 hlm. :bIlus ;c25.5 cm 4aElektromagnetik 1 a05970597 a05970597 a05970597 a05970597 a05970597